000 00268nam a22001217a 4500
020 _a0-439-34436-0
082 _a823
_bWES/G
100 _aWEST, TRACEY
245 _aGOOD MONSTER, BAD MONSTER
260 _aUSA
_bSCHOLASTIC
650 _aENGLISH SHORT STORY
942 _cBK
999 _c3253
_d3253